000 00974nam a2200277Ia 4500
005 20220317001207.0
008 160825s2008 ck g 000 0 spa
020 _a97895830077012
100 1 _aLozano, Pilar
_d1951-
245 1 3 _aLa estrella que le perdió el miedo a la noche
_cPilar Lozano ; ilustraciones Olga Cuellar
250 _a1a. edición
_b10a. reimpresión
300 _a34 páginas
_bilustraciones
_c23 cm
490 _aOA Infantil
650 1 4 _2LEMB
_aCuentos infantiles colombianos
_ySiglo XX
650 1 4 _2LEMB
_aLiteratura infantil colombiana
_ySiglo XX
650 1 4 _2LEMB
_aEstrellla en la literatura
650 1 4 _2LEMB
_aNoche en la literatura
700 1 _aCuéllar Serrano, Olga
_916673
942 _2loc
_cBKINF
264 _aBogotá
_bPanamericana
_c2008
336 _atexto
_btxt
_2rdacontent
337 _asin mediación
_bn
_2rdamedia
338 _avolumen
_bnc
_2rdacarrier
040 _aCO-BoRNBP
_bspa
_erda
_cCO-BoRNBP
084 _aC LOZ1
999 _c6199
_d6199